[Event "10th European Teams w"]
[Site "Warsaw POL"]
[Date "2013.11.17"]
[Round "9.8"]
[White "Sikorova, Olga"]
[Black "Umudova, Nargiz"]
[Result "1-0"]
[WhiteTitle "WIM"]
[BlackTitle "WIM"]
[WhiteElo "2278"]
[BlackElo "2253"]
[WhiteTeam "Czech Republic"]
[BlackTeam "Azerbaijan"]
[WhiteFideId "307033"]
[BlackFideId "13402137"]
[EventDate "2013.11.08"]

1. f4 g6 2. Nf3 Bg7 3. e4 c5 4. Nc3 Nc6 5. Bc4 e6 6. O-O a6 7. e5 d5 8. exd6
Qxd6 9. Ne4 Qc7 10. d3 b6 11. c3 Nge7 12. Bb3 O-O 13. Qe1 Nd5 14. Qh4 f6 15. Bd2
Qd7 16. Rae1 Bb7 17. Re2 Rae8 18. Rfe1 Na5 19. Bc2 Nc6 20. a3 a5 21. Qh3 Nc7 22.
Rd1 Ba6 23. Bc1 Rd8 24. Nf2 Qd5 25. Nd2 Qd7 26. Bb3 Rfe8 27. Nc4 Bxc4 28. Bxc4
Nd5 29. Rde1 Kf7 30. Qf3 Re7 31. Kf1 Nc7 32. a4 Rde8 33. Ng4 Nd5 34. Ne3 Rd8 35.
Bb5 Ree8 36. Nxd5 exd5 37. Rxe8 Rxe8 38. Rxe8 Kxe8 39. c4 Kd8 40. cxd5 Nd4 41.
Bxd7 Nxf3 42. Be6 Nd4 43. Bg8 h6 44. Bd2 Ke7 45. Bc3 Nf5 46. Ke2 Kd6 47. Bf7 Ne7
48. Kf3 Nxd5 49. Bxg6 Nxc3 50. bxc3 Ke6 51. g4 Bf8 52. Be8 Bd6 53. h4 Bb8 54. h5
Bd6 55. Bb5 Bc7 56. Bc4+ Ke7 57. Ke4 Bd6 58. Kf5 Bc7 59. d4 Bd6 60. Bb3 Bc7 61.
g5 fxg5 62. fxg5 hxg5 63. h6 Kf8 64. Kg6 cxd4 65. cxd4 1-0

[Event "10th European Teams w"]
[Site "Warsaw POL"]
[Date "2013.11.17"]
[Round "9.9"]
[White "Wisniowska, Klaudia"]
[Black "Maisuradze, Nino"]
[Result "1-0"]
[WhiteTitle "WFM"]
[BlackTitle "WGM"]
[WhiteElo "2153"]
[BlackElo "2302"]
[WhiteTeam "Poland Futures"]
[BlackTeam "France"]
[WhiteFideId "1181238"]
[BlackFideId "13601717"]
[EventDate "2013.11.08"]

1. e4 c5 2. Nf3 e6 3. d4 cxd4 4. Nxd4 a6 5. Bd3 Qc7 6. Qe2 Bd6 7. Nd2 Ne7 8. Nc4
Bc5 9. Nb3 b5 10. Ne3 Bb4+ 11. c3 Bd6 12. a4 b4 13. Bd2 bxc3 14. Bxc3 Ng6 15. g3
O-O 16. O-O Nc6 17. Rac1 Qa7 18. Nc4 Bb4 19. a5 Rb8 20. Nb6 Rxb6 21. axb6 Qxb6
22. Nd2 Bxc3 23. Nc4 Qb4 24. bxc3 Qc5 25. Qe3 Qh5 26. Be2 Qh3 27. f4 d5 28. Nd6
Bd7 29. Bxa6 e5 30. f5 d4 31. Qf2 Nge7 32. Bc4 dxc3 33. f6 Nc8 34. fxg7 Nxd6 35.
gxf8=Q+ Kxf8 36. Bxf7 Nxe4 37. Be6+ Nxf2 38. Bxh3 Bxh3 39. Rxf2+ Kg7 40. Rxc3
Nd4 41. g4 Bxg4 42. Rg3 h5 43. h3 1-0

[Event "10th European Teams w"]
[Site "Warsaw POL"]
[Date "2013.11.17"]
[Round "9.11"]
[White "Klinova, Masha"]
[Black "Ziaziulkina, Nastassia"]
[Result "1/2-1/2"]
[WhiteTitle "IM"]
[BlackTitle "WGM"]
[WhiteElo "2291"]
[BlackElo "2350"]
[WhiteTeam "Israel"]
[BlackTeam "Belarus"]
[WhiteFideId "2802015"]
[BlackFideId "13505211"]
[EventDate "2013.11.08"]

1. e4 e5 2. Nf3 Nf6 3. d4 Nxe4 4. Bd3 d5 5. Nxe5 Nd7 6. Nxd7 Bxd7 7. O-O Bd6 8.
Re1 Bxh2+ 9. Kxh2 Qh4+ 10. Kg1 Qxf2+ 11. Kh1 Qh4+ 12. Kg1 Qf2+ 13. Kh1 Qh4+ 14.
Kg1 Qf2+ 1/2-1/2

[Event "10th European Teams w"]
[Site "Warsaw POL"]
[Date "2013.11.17"]
[Round "9.11"]
[White "Shvayger, Yuliya"]
[Black "Revo, Tatiana"]
[Result "1-0"]
[WhiteTitle "WIM"]
[WhiteElo "2294"]
[BlackElo "2075"]
[WhiteTeam "Israel"]
[BlackTeam "Belarus"]
[WhiteFideId "14100126"]
[BlackFideId "13506480"]
[EventDate "2013.11.08"]

1. e4 c5 2. Ne2 d6 3. g3 g6 4. Bg2 Bg7 5. c3 Nf6 6. O-O O-O 7. d4 cxd4 8. cxd4
Nc6 9. Nbc3 Bd7 10. h3 Re8 11. Be3 e5 12. d5 Na5 13. Qd3 Qc8 14. Nb5 Bxb5 15.
Qxb5 Qc4 16. Qxa5 Qxe2 17. Qc7 Rac8 18. Qxb7 Rb8 19. Qxa7 Rxb2 20. Qa3 Reb8 21.
Qxd6 Nh5 22. Rfe1 Qd3 23. Rac1 Ra8 24. a4 Ra2 25. Qd7 Nf6 26. Rc8+ Bf8 27. Qd8
Rxc8 28. Qxc8 Rxa4 29. Bc5 Nd7 30. Qxd7 Qd2 31. Rf1 1-0

[Event "10th European Teams w"]
[Site "Warsaw POL"]
[Date "2013.11.17"]
[Round "9.12"]
[White "Zozulia, Anna"]
[Black "Srebrnic, Ana"]
[Result "1-0"]
[WhiteTitle "IM"]
[BlackTitle "WGM"]
[WhiteElo "2334"]
[BlackElo "2198"]
[WhiteTeam "Belgium"]
[BlackTeam "Slovenia"]
[WhiteFideId "14102110"]
[BlackFideId "14603314"]
[EventDate "2013.11.08"]

1. e4 e5 2. Nf3 Nc6 3. Nc3 g6 4. d4 exd4 5. Nxd4 Bg7 6. Be3 Nf6 7. Nxc6 bxc6 8.
e5 Ng8 9. Bd4 f6 10. exf6 Nxf6 11. Qe2+ Qe7 12. Qxe7+ Kxe7 13. O-O-O Re8 14. Bc4
d6 15. f3 Kf8 16. g4 Be6 17. Bxe6 Rxe6 18. h4 c5 19. Bf2 Rb8 20. Rde1 Rxe1+ 21.
Bxe1 h5 22. g5 Ng8 23. b3 Bxc3 24. Bxc3 Ne7 25. Re1 Nf5 26. Re6 Nxh4 27. Be1 Ng2
28. Bc3 Nh4 29. Be1 Ng2 30. Ba5 Kg7 31. Bc3+ Kf8 32. Rxg6 Re8 33. f4 Re3 34. Kb2
Rf3 35. Rh6 Nxf4 36. Rf6+ Ke7 37. Bd2 Rf2 38. Bxf4 Ke8 39. g6 Rg2 40. Bh6 Ke7
41. Rf7+ Ke6 42. Rxc7 Rxg6 43. Rh7 Rf6 44. Bc1 a6 45. Rxh5 Kd7 46. Rh7+ Kc6 47.
Bd2 Rf2 48. Bc3 Rg2 49. a4 Kb6 50. a5+ Kc6 51. Ra7 Kd5 1-0

[Event "10th European Teams w"]
[Site "Warsaw POL"]
[Date "2013.11.17"]
[Round "9.12"]
[White "Kaps, Darja"]
[Black "Barbier, Wiebke"]
[Result "1-0"]
[WhiteTitle "WGM"]
[WhiteElo "2221"]
[BlackElo "1945"]
[WhiteTeam "Slovenia"]
[BlackTeam "Belgium"]
[WhiteFideId "14602334"]
[BlackFideId "207977"]
[EventDate "2013.11.08"]

1. e4 d6 2. Nc3 Nf6 3. g3 e5 4. Bg2 Be7 5. Nge2 c6 6. d4 O-O 7. O-O Qc7 8. a4 b6
9. h3 Nbd7 10. f4 Bb7 11. Be3 a6 12. g4 b5 13. Ng3 exd4 14. Bxd4 b4 15. Nf5 Rfe8
16. g5 bxc3 17. Bxc3 Nxe4 18. Bxe4 Bf8 19. Nh6+ gxh6 20. Qg4 Ne5 21. fxe5 dxe5
22. gxh6+ Kh8 23. Qf5 f6 24. Qxf6+ Kg8 25. Rf3 Re7 26. Raf1 Bxh6 27. Qxh6 Rg7+
28. Kh2 Qe7 29. Qf6 Re8 30. Qxe7 Rgxe7 31. Rg1+ Kh8 32. Rg5 1-0

[Event "10th European Teams w"]
[Site "Warsaw POL"]
[Date "2013.11.17"]
[Round "9.12"]
[White "Degrande, Marigje"]
[Black "Novak, Ksenija"]
[Result "1/2-1/2"]
[BlackTitle "WFM"]
[WhiteElo "1867"]
[BlackElo "2082"]
[WhiteTeam "Belgium"]
[BlackTeam "Slovenia"]
[WhiteFideId "262757"]
[BlackFideId "14604272"]
[EventDate "2013.11.08"]

1. d4 d5 2. c4 c6 3. Nc3 Nf6 4. e3 e6 5. a3 Nbd7 6. Nf3 dxc4 7. Bxc4 b5 8. Be2
Qc7 9. Qc2 Bd6 10. Bd2 O-O 11. Rc1 a6 12. Bd3 e5 13. Ne4 exd4 14. Nxd4 Bb7 15.
Nxd6 Qxd6 16. Bb4 c5 17. Bxc5 Nxc5 18. Qxc5 Qxc5 19. Rxc5 Bxg2 20. Rg1 Be4 21.
Bxe4 Nxe4 22. Re5 Rfe8 23. Rxe8+ Rxe8 24. Ke2 Nd6 25. b3 Rc8 26. Kd3 f6 27. Ne2
Kf7 28. Rc1 Rxc1 29. Nxc1 Nf5 30. b4 Nd6 31. Kc2 Nc4 32. Kb3 Ke6 33. Nd3 Kd5 34.
Nc5 a5 35. e4+ Kc6 36. Ne6 a4+ 37. Kc3 Nxa3 38. Nxg7 Kd6 39. Nh5 Nc4 40. Nxf6
Ke5 41. Nxh7 Kxe4 42. Nf6+ Kf4 43. Nd5+ Kf3 44. Nc7 Nd6 45. Kc2 1/2-1/2

[Event "10th European Teams w"]
[Site "Warsaw POL"]
[Date "2013.11.17"]
[Round "9.12"]
[White "Unuk, Laura"]
[Black "Dierckens, Sarah"]
[Result "1-0"]
[WhiteElo "1991"]
[BlackElo "1872"]
[WhiteTeam "Slovenia"]
[BlackTeam "Belgium"]
[WhiteFideId "14609215"]
[BlackFideId "205745"]
[EventDate "2013.11.08"]

1. Nf3 Nf6 2. c4 c5 3. Nc3 Nc6 4. g3 e6 5. Bg2 d5 6. cxd5 exd5 7. d4 c4 8. O-O
Bd6 9. Bg5 Be6 10. Bxf6 Qxf6 11. e4 Bb4 12. Nxd5 Qd8 13. Nxb4 Nxb4 14. Qa4+ Nc6
15. d5 Bxd5 16. exd5 Qxd5 17. Ne5 Qxe5 18. Rfe1 Qxe1+ 19. Rxe1+ 1-0

[Event "10th European Teams w"]
[Site "Warsaw POL"]
[Date "2013.11.17"]
[Round "9.13"]
[White "Pavlidou, Ekaterini"]
[Black "Seps, Monika"]
[Result "1-0"]
[WhiteTitle "WIM"]
[BlackTitle "WIM"]
[WhiteElo "2199"]
[BlackElo "2260"]
[WhiteTeam "Greece"]
[BlackTeam "Switzerland"]
[WhiteFideId "4213262"]
[BlackFideId "1308521"]
[EventDate "2013.11.08"]

1. d4 Nf6 2. c4 g6 3. Nc3 Bg7 4. e4 d6 5. Nf3 O-O 6. Be2 Bg4 7. Be3 Nfd7 8. Ng1
Bxe2 9. Ngxe2 e5 10. d5 f5 11. f3 Bh6 12. Bf2 Nf6 13. Qc2 fxe4 14. Nxe4 Nxe4 15.
Qxe4 Nd7 16. Nc3 Qg5 17. O-O Nf6 18. Qh4 Qxh4 19. Bxh4 g5 20. Bf2 g4 21. Nb5
gxf3 22. gxf3 Rf7 23. Nxa7 Nh5 24. Nb5 Kh8 25. Kh1 Rxf3 26. Nxc7 Raf8 27. Ne6
Rxf2 28. Nxf8 Rxf8 29. Rxf8+ Bxf8 30. a4 e4 31. Ra3 Bg7 32. Rb3 Bd4 33. Rxb7 Nf4
34. Rf7 Nd3 35. Re7 e3 36. Kg2 e2 37. Rxe2 Nf4+ 38. Kf3 Nxe2 39. Kxe2 Bxb2 40.
c5 Bd4 41. cxd6 Bb6 42. Kd3 Kg7 43. Kc4 Kf7 44. Kb5 Be3 45. Kc6 Bd2 46. Kc7 h5
47. d7 Ba5+ 48. Kc8 Ke7 49. h4 Bb6 50. d6+ 1-0

[Event "10th European Teams w"]
[Site "Warsaw POL"]
[Date "2013.11.17"]
[Round "9.13"]
[White "Heinatz, Gundula"]
[Black "Makropoulou, Marina"]
[Result "1-0"]
[WhiteTitle "WIM"]
[BlackTitle "WGM"]
[WhiteElo "2169"]
[BlackElo "2234"]
[WhiteTeam "Switzerland"]
[BlackTeam "Greece"]
[WhiteFideId "4612434"]
[BlackFideId "4200187"]
[EventDate "2013.11.08"]

1. d4 Nf6 2. Nf3 e6 3. Bg5 h6 4. Bh4 d6 5. e3 g5 6. Bg3 Nh5 7. Be2 Bg7 8. Nc3
Nc6 9. Qd2 a6 10. a4 Bd7 11. a5 O-O 12. Bc4 Ne7 13. e4 Ng6 14. O-O-O b6 15. axb6
Nxg3 16. hxg3 cxb6 17. e5 Bc6 18. Qe2 Qc7 19. Bd3 dxe5 20. Nxg5 hxg5 21. Qh5
Rfd8 22. Bxg6 fxg6 23. Qxg6 Qf7 24. Rh8+ Kxh8 25. Qxf7 Bxg2 26. Rg1 Bc6 27. d5 1-0

[Event "10th European Teams w"]
[Site "Warsaw POL"]
[Date "2013.11.17"]
[Round "9.13"]
[White "De Seroux, Camille"]
[Black "Tsolakidou, Stavroula"]
[Result "1-0"]
[WhiteTitle "WFM"]
[WhiteElo "2066"]
[BlackElo "2117"]
[WhiteTeam "Switzerland"]
[BlackTeam "Greece"]
[WhiteFideId "1305620"]
[BlackFideId "4264312"]
[EventDate "2013.11.08"]

1. e4 c5 2. Nf3 d6 3. d4 cxd4 4. Nxd4 Nf6 5. Nc3 a6 6. Bc4 e6 7. a4 Qa5 8. Qe2
Nc6 9. Nb3 Qc7 10. f4 Be7 11. O-O O-O 12. a5 Re8 13. Be3 Nd7 14. Na4 Bf6 15. c3
Rb8 16. Nb6 Nxb6 17. Bxb6 Qd7 18. Rad1 Bd8 19. Bc5 d5 20. Qh5 Nxa5 21. Nxa5 Bxa5
22. exd5 Qc7 23. d6 Qc6 24. Kh1 b5 25. Bd3 g6 26. Qe5 Bb7 27. Rf3 f6 28. Qxf6
Bd8 29. Qe5 Qd5 30. d7 Re7 31. Qxb8 Rxd7 32. Bd4 Qh5 33. Be2 1-0

[Event "10th European Teams w"]
[Site "Warsaw POL"]
[Date "2013.11.17"]
[Round "9.14"]
[White "Cemhan, Kardelen"]
[Black "Saric, Kristina"]
[Result "1-0"]
[WhiteTitle "WC"]
[BlackTitle "WIM"]
[WhiteElo "1993"]
[BlackElo "2250"]
[WhiteTeam "Turkey"]
[BlackTeam "Croatia"]
[WhiteFideId "6325670"]
[BlackFideId "14507323"]
[EventDate "2013.11.08"]

1. e4 c5 2. Nf3 Nc6 3. d4 cxd4 4. Nxd4 Qb6 5. Nb3 Nf6 6. Nc3 e6 7. Bd3 d6 8. Be3
Qc7 9. O-O a6 10. a4 b6 11. f4 Be7 12. Qf3 Bb7 13. Qh3 Nb4 14. Rae1 h5 15. e5
Ng4 16. Bd4 dxe5 17. Bxe5 Bc5+ 18. Kh1 Qe7 19. Nxc5 Qxc5 20. Ne4 Bxe4 21. Bxe4
Nf2+ 22. Rxf2 Qxf2 23. Qc3 O-O 24. Bxa8 Na2 25. Qg3 Qxg3 26. hxg3 Rxa8 27. c3
Rd8 28. Ra1 f6 29. Bc7 Rc8 30. Bxb6 Nxc3 31. bxc3 Rxc3 32. Kh2 Kf7 33. Rd1 e5
34. fxe5 fxe5 35. Rd7+ Ke6 36. Ra7 e4 37. Rxa6 Kd5 38. Ra8 Ra3 39. a5 Kc4 40.
Re8 Kd3 41. Kh3 Ra4 42. Rd8+ Kc3 43. Rd5 g6 44. Rd6 Kc2 45. Rd4 Ra1 46. Kh4 e3
47. Re4 Kd2 48. Bxe3+ Kd3 49. Re5 Ra4+ 50. Bf4 Ra2 51. Kg5 Rxg2 52. a6 Ra2 53.
Re6 1-0

[Event "10th European Teams w"]
[Site "Warsaw POL"]
[Date "2013.11.17"]
[Round "9.14"]
[White "Purgar, Ivona"]
[Black "Kaplan, Ebru"]
[Result "1/2-1/2"]
[WhiteTitle "WFM"]
[WhiteElo "2136"]
[BlackElo "1882"]
[WhiteTeam "Croatia"]
[BlackTeam "Turkey"]
[WhiteFideId "14514451"]
[BlackFideId "6315194"]
[EventDate "2013.11.08"]

1. e4 e5 2. Nf3 Nc6 3. Bb5 a6 4. Ba4 Nf6 5. d3 d6 6. O-O b5 7. Bb3 Be7 8. a4 Bd7
9. c3 Na5 10. Bc2 c5 11. Nbd2 O-O 12. Re1 Qc7 13. Nf1 h6 14. h3 Nc6 15. Ne3 b4
16. Nh2 bxc3 17. bxc3 Be6 18. Nhg4 Nxg4 19. hxg4 Bg5 20. Nf5 Bxc1 21. Qxc1 Bxf5
22. gxf5 Qe7 23. Bb3 Na5 24. Bd5 Rab8 25. Rb1 Kh7 26. Qc2 Qc7 27. Qa2 f6 28.
Rxb8 Rxb8 29. Rb1 Rxb1+ 30. Qxb1 Kh8 31. Qd1 Qd7 32. Qb1 Qc7 33. Qb2 Kh7 34. Qa2
Qb8 35. Bf7 c4 36. Bxc4 Nxc4 37. Qxc4 Qb1+ 38. Kh2 Qc1 39. Qb3 Qf4+ 40. Kg1 Qc1+
41. Kh2 Qf4+ 42. Kg1 Qc1+ 1/2-1/2

[Event "10th European Teams w"]
[Site "Warsaw POL"]
[Date "2013.11.17"]
[Round "9.15"]
[White "Corke, Anya S"]
[Black "Thorsteinsdottir, Hallgerdur"]
[Result "1-0"]
[WhiteTitle "WGM"]
[WhiteElo "2276"]
[BlackElo "1951"]
[WhiteTeam "England"]
[BlackTeam "Iceland"]
[WhiteFideId "6000347"]
[BlackFideId "2302454"]
[EventDate "2013.11.08"]

1. d4 Nf6 2. Nf3 g6 3. c4 Bg7 4. Nc3 d5 5. cxd5 Nxd5 6. Na4 Nb6 7. e4 Nxa4 8.
Qxa4+ Bd7 9. Qc4 O-O 10. Be3 c6 11. Be2 Na6 12. O-O Nc7 13. Rfd1 Bg4 14. Rac1
Bxf3 15. Bxf3 e6 16. Qb3 Nb5 17. d5 Qf6 18. dxc6 bxc6 19. e5 Qxe5 20. Bxc6 Rab8
21. Rc5 Nd4 22. Qc4 Nxc6 23. Rxe5 Nxe5 24. Qa4 Rxb2 25. Qxa7 Nc6 26. Qa4 Nb4 27.
Bc1 Rb1 28. Ba3 Rxd1+ 29. Qxd1 Rb8 30. Qe2 h5 31. g3 Nd5 32. Bc5 Nc3 33. Qc2 Rc8
34. Bb4 Rc7 35. a3 Nd5 36. Qd2 Ra7 37. Bc5 Ra8 38. Kg2 Nc3 39. Qd7 Bf6 40. Qc6
Rd8 41. a4 Nxa4 42. Qxa4 Kg7 43. Qc6 Rb8 44. Bd6 Rd8 45. f4 Rh8 46. Kf3 Rd8 47.
Ke4 Rh8 48. h3 Rd8 49. g4 hxg4 50. hxg4 g5 51. Qc5 Kg6 52. f5+ exf5+ 53. Qxf5+
Kg7 54. Be5 Bxe5 55. Qxg5+ 1-0

[Event "10th European Teams w"]
[Site "Warsaw POL"]
[Date "2013.11.17"]
[Round "9.15"]
[White "Finnbogadottir, Tinna Kristin"]
[Black "Grigoryan, Meri"]
[Result "1-0"]
[BlackTitle "WFM"]
[WhiteElo "1882"]
[BlackElo "2039"]
[WhiteTeam "Iceland"]
[BlackTeam "England"]
[WhiteFideId "2300214"]
[BlackFideId "13300571"]
[EventDate "2013.11.08"]

1. e4 c6 2. d3 d5 3. Nd2 dxe4 4. Nxe4 Qc7 5. Nf3 Bf5 6. Be3 e6 7. Be2 Nd7 8. Ng3
Bd6 9. Qd2 Ne7 10. Bd4 Bf4 11. Be3 Bd6 12. Nh5 O-O-O 13. c4 Nc5 14. Bxc5 Bxc5
15. b4 Bd4 16. Rb1 e5 17. Nxd4 Rxd4 18. Ng3 Bg6 19. Qc3 Rhd8 20. Rd1 Qd7 21. O-O
h5 22. h3 f6 23. Qa3 Kb8 24. Ne4 Nf5 25. Nc5 Qc8 26. b5 Nh4 27. Rb1 b6 28. Na6+
Ka8 29. f3 Bxd3 30. Bxd3 Rxd3 31. Qa4 Rd2 32. Rf2 Rxf2 33. Kxf2 Rd2+ 34. Kf1 Qd7
35. Qb3 Nxg2 36. c5 cxb5 37. cxb6 axb6 38. Rc1 Nf4 39. Qg8+ Kb7 40. Rc7+ Qxc7
41. Nxc7 Kxc7 42. Qxg7+ Kc6 43. Qxf6+ Rd6 44. Qf5 Rd1+ 45. Kf2 Rd2+ 46. Ke1 Rxa2
47. Qc8+ Kd6 48. Qd8+ Kc5 49. Qe7+ Kd4 50. Qb4+ Kd3 51. Qb3+ Kd4 52. Qxa2 Nd3+
53. Kd2 b4 54. Qb3 1-0

[Event "10th European Teams w"]
[Site "Warsaw POL"]
[Date "2013.11.17"]
[Round "9.15"]
[White "Bhatia, Kanwal K"]
[Black "Kristinardottir, Elsa Maria"]
[Result "1-0"]
[WhiteTitle "WFM"]
[WhiteElo "2039"]
[BlackElo "1819"]
[WhiteTeam "England"]
[BlackTeam "Iceland"]
[WhiteFideId "407496"]
[BlackFideId "2300370"]
[EventDate "2013.11.08"]

1. e4 c6 2. d4 d5 3. Nc3 dxe4 4. Nxe4 Nf6 5. Nxf6+ exf6 6. Nf3 Bd6 7. Be2 O-O 8.
Qd3 Qa5+ 9. Bd2 Qf5 10. O-O-O Bf4 11. Qxf5 Bxd2+ 12. Rxd2 Bxf5 13. c4 Nd7 14.
Nh4 Be4 15. f3 Bg6 16. Nxg6 fxg6 17. Kb1 Rfe8 18. Rc1 Re3 19. d5 c5 20. f4 f5
21. Bf3 Rd8 22. a3 a5 23. Ka2 Kf7 24. Rcc2 Nf6 25. Re2 Rxe2 26. Rxe2 Ne8 27. b4
axb4 28. axb4 b6 29. Kb3 Nd6 30. Re6 Kf8 31. Re2 Ra8 32. Re6 Rd8 33. Kc3 Kf7 34.
bxc5 bxc5 35. Kd3 Kf8 36. Bd1 Kf7 37. Ba4 Kf8 38. Bc6 Kf7 39. Ba4 Kf8 40. Bc2
Kf7 41. Kc3 Kf8 42. Re1 Rc8 43. Ra1 Rc7 44. Ra6 Ke7 45. Ba4 Ne4+ 46. Kd3 Nd6 47.
Bc6 Ne4 48. Ra8 Nd6 49. Kc3 Ne4+ 50. Kb3 Nd2+ 51. Ka4 Nxc4 52. Kb5 Ne3 53. Re8+
Kf7 54. Rxe3 1-0

[Event "10th European Teams w"]
[Site "Warsaw POL"]
[Date "2013.11.17"]
[Round "9.16"]
[White "Puuska, Heini"]
[Black "Sahl, Sheila Barth"]
[Result "1-0"]
[WhiteTitle "WFM"]
[BlackTitle "WIM"]
[WhiteElo "1982"]
[BlackElo "2233"]
[WhiteTeam "Finland"]
[BlackTeam "Norway"]
[WhiteFideId "502324"]
[BlackFideId "1500953"]
[EventDate "2013.11.08"]

1. c4 e5 2. g3 Nf6 3. Bg2 d5 4. cxd5 Nxd5 5. Nf3 Nc6 6. O-O Nb6 7. d3 Be7 8. a3
Be6 9. Nc3 a5 10. Be3 Nd5 11. Nxd5 Bxd5 12. Rc1 O-O 13. Bc5 a4 14. Bxe7 Qxe7 15.
Nd2 Bxg2 16. Kxg2 Nd4 17. e3 Ne6 18. Qc2 Rfd8 19. Rfd1 Qd7 20. Nf3 Qb5 21. Qc3
Rd5 22. d4 e4 23. Nd2 Rh5 24. Qc2 f5 25. Qc4 Qxc4 26. Rxc4 c6 27. Nb1 Rd8 28.
Rxa4 g5 29. Nc3 Rh6 30. Ra5 Ng7 31. g4 f4 32. Nxe4 fxe3 33. fxe3 Re6 34. Ng3
Rxe3 35. Rxg5 Kh8 36. Rxg7 Rxg3+ 37. Kxg3 Kxg7 38. h4 Re8 39. Kf3 Kg6 40. d5
Rf8+ 41. Ke3 h5 42. dxc6 bxc6 43. Rd6+ Kg7 44. gxh5 c5 45. Rg6+ Kh7 46. Rc6 Rb8
47. Rxc5 Rxb2 48. a4 Rb4 49. a5 Kh6 50. Kd3 Rxh4 51. Kc3 Ra4 52. Kb3 Ra1 53. Kb4
Rb1+ 54. Kc4 Rb2 55. a6 Ra2 56. Kb5 1-0

[Event "10th European Teams w"]
[Site "Warsaw POL"]
[Date "2013.11.17"]
[Round "9.16"]
[White "Gronnestad, Anita"]
[Black "Rautanen, Sari"]
[Result "1/2-1/2"]
[WhiteElo "1958"]
[BlackElo "1956"]
[WhiteTeam "Norway"]
[BlackTeam "Finland"]
[WhiteFideId "1502972"]
[BlackFideId "502332"]
[EventDate "2013.11.08"]

1. c4 e5 2. g3 Nc6 3. Bg2 g6 4. Nc3 Bg7 5. e4 d6 6. Nge2 Nge7 7. O-O O-O 8. d3
f5 9. Nd5 Be6 10. a3 Qd7 11. f3 Rf7 12. Bd2 Nd4 13. Nxd4 exd4 14. Nf4 fxe4 15.
Nxe6 Qxe6 16. fxe4 Rxf1+ 17. Qxf1 Rf8 18. Qe2 d5 19. Bb4 dxc4 20. dxc4 Be5 21.
Rd1 Rd8 22. Bxe7 Qxe7 23. Qd3 Rf8 24. b4 c5 25. b5 b6 26. a4 Qf6 27. Rf1 Qe7 28.
Bh3 Rxf1+ 29. Qxf1 Qf6 30. Qxf6 Bxf6 31. Kf2 Kf7 32. Kf3 Be5 33. Bf1 Kf6 34. Bd3
Kg5 35. h4+ Kf6 36. g4 g5 37. hxg5+ Kxg5 38. Bb1 h6 39. Bd3 Bc7 40. Bb1 Be5 41.
Bd3 Kh4 42. Bf1 Kg5 1/2-1/2

[Event "10th European Teams w"]
[Site "Warsaw POL"]
[Date "2013.11.17"]
[Round "9.16"]
[White "Nazarova, Anastasia"]
[Black "Machlik, Monika"]
[Result "1/2-1/2"]
[WhiteTitle "WC"]
[WhiteElo "1727"]
[BlackElo "1936"]
[WhiteTeam "Finland"]
[BlackTeam "Norway"]
[WhiteFideId "34101737"]
[BlackFideId "1513621"]
[EventDate "2013.11.08"]

1. e4 Nf6 2. e5 Nd5 3. d4 d6 4. c4 Nb6 5. exd6 exd6 6. Nc3 Nc6 7. h3 Be7 8. Nf3
O-O 9. Be2 Bf6 10. O-O Bf5 11. d5 Ne5 12. Nd4 Bd7 13. b3 a5 14. Be3 Re8 15. Qd2
Ng6 16. Rae1 h6 17. Bd3 Nh4 18. Be2 Nf5 19. Nxf5 Bxf5 20. Bxb6 cxb6 21. Bd3 Bxc3
22. Qxc3 Bxd3 23. Qxd3 Qd7 24. Re3 Rxe3 25. Qxe3 b5 26. Re1 bxc4 27. bxc4 Rc8
28. Qf4 Rc5 29. Rb1 Qc7 30. Re1 Qd7 31. Rb1 Qc7 32. Re1 Qd7 33. Rb1 Qc7 34. Re1
Qd7 35. Rb1 Qc7 1/2-1/2